[Event "20. Obert Int. Sant Marti 2018 - B"]
[Site "Barcelona ESP"]
[Date "2018.07.19"]
[Round "7.8"]
[White "Elizondo Marquet, Juan Marcos"]
[Black "Palacios Pena, Gerardo"]
[Result "0-1"]
[WhiteElo "1767"]
[BlackElo "1905"]
[PlyCount "110"]
[EventDate "2018.07.13"]
[EventType "swiss"]
[EventRounds "9"]
[EventCountry "ESP"]
[SourceTitle "Ajedrez en Madrid"]
[Source "lmi"]
[SourceDate "2018.07.13"]
[SourceVersion "1"]
[SourceVersionDate "2019.06.21"]
[SourceQuality "1"]

1. e4 d5 2. exd5 Qxd5 3. Nc3 Qa5 4. d4 Nf6 5. Bd2 c6 6. Nf3 Bg4 7. h3 Bxf3 8.
Qxf3 e6 9. Bd3 Qc7 10. O-O Bd6 11. Ne4 Nxe4 12. Qxe4 Nd7 13. c4 Nf6 14. Qf3 O-O
15. Bg5 Be7 16. Rad1 Rad8 17. Bb1 Ne8 18. Qd3 g6 19. Bh6 Ng7 20. Qf3 Rfe8 21.
c5 Rd7 22. Bf4 Qd8 23. Qb3 Nh5 24. Be5 Nf6 25. Qa4 a6 26. Bc2 Nd5 27. Bb3 Bf6
28. Bxd5 Rxd5 29. f4 Be7 30. Qb3 Qc8 31. Qb6 Rd7 32. Rf3 f6 33. Bd6 Bxd6 34.
cxd6 Rxd6 35. Rfd3 Rd7 36. Re1 Qc7 37. Qxc7 Rxc7 38. Rde3 Rce7 39. b4 Kf7 40.
Kf2 Rd7 41. Rd3 Red8 42. Ke3 Rd5 43. Rc1 e5 44. fxe5 fxe5 45. Rc4 Ke6 46. Rc5
Rxd4 47. Rb3 Rd2 48. g4 Rxa2 49. Ke4 Rd4+ 50. Kf3 Rad2 51. Rcc3 g5 52. Re3 Rf4+
53. Kg3 Rff2 54. Rb1 Rg2+ 55. Kf3 Rdf2+ 0-1

[Event "20. Obert Int. Sant Marti 2018 - B"]
[Site "Barcelona ESP"]
[Date "2018.07.19"]
[Round "7.10"]
[White "Fernandez Egea, Andres"]
[Black "Raghav, Bansal"]
[Result "1/2-1/2"]
[WhiteElo "1876"]
[BlackElo "1541"]
[PlyCount "116"]
[EventDate "2018.07.13"]
[EventType "swiss"]
[EventRounds "9"]
[EventCountry "ESP"]
[SourceTitle "Ajedrez en Madrid"]
[Source "lmi"]
[SourceDate "2018.07.13"]
[SourceVersion "1"]
[SourceVersionDate "2019.06.21"]
[SourceQuality "1"]

1. e4 e6 2. d3 d5 3. Nd2 Nf6 4. g3 c5 5. Bg2 Nc6 6. Ngf3 Be7 7. O-O O-O 8. e5
Nd7 9. Re1 b5 10. Nf1 Rb8 11. h4 Nb6 12. h5 Qc7 13. Bf4 Rd8 14. N1h2 d4 15. Ng4
Nd5 16. Qd2 Nxf4 17. Qxf4 Nb4 18. Qd2 c4 19. a3 c3 20. bxc3 dxc3 21. Qe2 Nc6
22. h6 g6 23. Qe4 Rd7 24. Qf4 Qd8 25. Nf6+ Bxf6 26. exf6 Bb7 27. Rab1 Nd4 28.
Ne5 Rd6 29. Bxb7 Rxb7 30. Nc4 Rdd7 31. Ne3 Qa5 32. Kg2 Qxa3 33. Ra1 Qd6 34.
Qxd6 Rxd6 35. Ra2 Kf8 36. Rea1 Rdd7 37. Ng4 Ke8 38. Ne5 Rdc7 39. f4 b4 40. Nc4
Kd7 41. Na5 Rb5 42. Nc4 Rbb7 43. Na5 Rb8 44. Nc4 Nc6 45. Kf2 Rcb7 46. Ke3 b3
47. cxb3 Nb4 48. Ne5+ Ke8 49. Re2 Rc8 50. Nc4 Rd7 51. Ne5 Nd5+ 52. Kf3 Rdc7 53.
Nc4 Rd8 54. Rc2 Rb7 55. Ra3 Kd7 56. Ne5+ Ke8 57. Nc4 Kd7 58. Ne5+ Ke8 1/2-1/2

[Event "20. Obert Int. Sant Marti 2018 - B"]
[Site "Barcelona ESP"]
[Date "2018.07.19"]
[Round "7.11"]
[White "Vargas Drechsler, Carlos"]
[Black "Zubimendi Felip, Ricard"]
[Result "1-0"]
[WhiteElo "1871"]
[BlackElo "1752"]
[PlyCount "43"]
[EventDate "2018.07.13"]
[EventType "swiss"]
[EventRounds "9"]
[EventCountry "ESP"]
[SourceTitle "Ajedrez en Madrid"]
[Source "lmi"]
[SourceDate "2018.07.13"]
[SourceVersion "1"]
[SourceVersionDate "2019.06.21"]
[SourceQuality "1"]

1. e4 c5 2. Nc3 Nc6 3. f4 e6 4. Nf3 d5 5. d3 Be7 6. g3 d4 7. Ne2 Nf6 8. Bg2 O-O
9. O-O b6 10. h3 Bb7 11. g4 Nd7 12. Bd2 Qc7 13. e5 Rad8 14. Ng3 b5 15. a4 b4
16. b3 Nb6 17. Qe1 Nd5 18. f5 exf5 19. gxf5 Rde8 20. Nh5 g6 21. Bh6 gxh5 22.
Qg3+ 1-0

[Event "20. Obert Int. Sant Marti 2018 - B"]
[Site "Barcelona ESP"]
[Date "2018.07.19"]
[Round "7.12"]
[White "Povill Claros, Laura"]
[Black "Moravich, Juan"]
[Result "0-1"]
[WhiteElo "1802"]
[BlackElo "1949"]
[PlyCount "62"]
[EventDate "2018.07.13"]
[EventType "swiss"]
[EventRounds "9"]
[EventCountry "ESP"]
[SourceTitle "Ajedrez en Madrid"]
[Source "lmi"]
[SourceDate "2018.07.13"]
[SourceVersion "1"]
[SourceVersionDate "2019.06.21"]
[SourceQuality "1"]

1. e4 c5 2. Nf3 Nf6 3. e5 Nd5 4. d4 cxd4 5. c3 Nc6 6. cxd4 d6 7. Bc4 Nb6 8. Bb5
d5 9. Nc3 Bg4 10. Be3 Rc8 11. h3 Bxf3 12. Qxf3 e6 13. O-O a6 14. Bd3 Nb4 15.
Qe2 Nxd3 16. Qxd3 Be7 17. Rac1 O-O 18. f4 Nc4 19. Qe2 Rc6 20. Na4 Qa5 21. Nc3
Bb4 22. Rc2 Rfc8 23. Rfc1 Na3 24. bxa3 Bxc3 25. Qd3 Qxa3 26. Kh2 Bb2 27. Qxa3
Bxa3 28. Rxc6 Rxc6 29. Rb1 b5 30. Rb3 b4 31. Rd3 Rc3 0-1

[Event "20. Obert Int. Sant Marti 2018 - B"]
[Site "Barcelona ESP"]
[Date "2018.07.19"]
[Round "7.13"]
[White "Planella Sanchez, Jordi"]
[Black "Minko, Olga"]
[Result "1-0"]
[WhiteElo "1945"]
[BlackElo "1822"]
[PlyCount "109"]
[EventDate "2018.07.13"]
[EventType "swiss"]
[EventRounds "9"]
[EventCountry "ESP"]
[SourceTitle "Ajedrez en Madrid"]
[Source "lmi"]
[SourceDate "2018.07.13"]
[SourceVersion "1"]
[SourceVersionDate "2019.06.21"]
[SourceQuality "1"]

1. d4 d5 2. Bg5 Nd7 3. e3 h6 4. Bh4 Ngf6 5. Bd3 e6 6. Nd2 a6 7. f4 c5 8. c3 Qb6
9. Rb1 Qa5 10. Ngf3 b5 11. O-O Bd6 12. Ne5 Bb7 13. Qf3 c4 14. Bc2 Rb8 15. g4 b4
16. Nxd7 Nxd7 17. e4 bxc3 18. bxc3 Qxa2 19. Qd1 Qa5 20. e5 Bc7 21. Rf3 Bd8 22.
Bg3 Qc7 23. f5 Nf8 24. Ba4+ Nd7 25. fxe6 fxe6 26. Qc2 Be7 27. Qg6+ Kd8 28. Qxg7
Re8 29. Qxh6 Bc6 30. Rxb8+ Nxb8 31. Bc2 Bd7 32. Bg6 Rg8 33. Qh7 Rxg6 34. Qxg6
Kc8 35. h4 Qd8 36. h5 Qh8 37. h6 Bf8 38. g5 a5 39. Qf7 Kb7 40. Qxf8 Qh7 41. Nf1
a4 42. Qa3 Qe4 43. Qb4+ Ka7 44. Rf8 Nc6 45. Qxa4+ Kb6 46. Rf2 Kc7 47. Qd1 Qh7
48. Qh5 Qd3 49. Rf3 Qh7 50. g6 Qh8 51. Bh4 Be8 52. Bf6 Qg8 53. Rg3 Bd7 54. h7
Qa8 55. h8=Q 1-0

[Event "20. Obert Int. Sant Marti 2018 - B"]
[Site "Barcelona ESP"]
[Date "2018.07.19"]
[Round "7.14"]
[White "Esteban Lupianez, Jose Miguel"]
[Black "Zhou, Luyu"]
[Result "1-0"]
[WhiteElo "1735"]
[BlackElo "1542"]
[PlyCount "125"]
[EventDate "2018.07.13"]
[EventType "swiss"]
[EventRounds "9"]
[EventCountry "ESP"]
[SourceTitle "Ajedrez en Madrid"]
[Source "lmi"]
[SourceDate "2018.07.13"]
[SourceVersion "1"]
[SourceVersionDate "2019.06.21"]
[SourceQuality "1"]

1. e4 d6 2. Nf3 Nf6 3. Nc3 c6 4. d4 Bg4 5. Be2 e6 6. O-O Be7 7. Bg5 d5 8. Ne5
Bxe2 9. Qxe2 Nxe4 10. Nxe4 Bxg5 11. Qh5 g6 12. Qxg5 Qxg5 13. Nxg5 f6 14. Nxe6
fxe5 15. Nc7+ Kd7 16. Nxa8 exd4 17. Rad1 Na6 18. Nb6+ axb6 19. Rxd4 b5 20. a4
Nc7 21. Rfd1 Re8 22. Rh4 Re7 23. axb5 Nxb5 24. c4 Nc7 25. Kf1 Kd6 26. b4 b6 27.
f3 Rf7 28. Kf2 Re7 29. Re4 Rf7 30. Re2 Na6 31. Rb2 Nc7 32. Ra2 Rf4 33. Rc2 Rf7
34. g3 Ne6 35. cxd5 cxd5 36. Rcd2 d4 37. Re1 Rd7 38. f4 Ke7 39. Rde2 Rd6 40.
Rxe6+ Rxe6 41. Rxe6+ Kxe6 42. Ke2 Kf5 43. Kf3 h5 44. h3 d3 45. g4+ hxg4+ 46.
hxg4+ Ke6 47. Ke3 d2 48. Kxd2 Kd5 49. Kd3 b5 50. g5 Kd6 51. Kd4 Ke6 52. Ke4 Kd6
53. f5 gxf5+ 54. Kxf5 Kd5 55. g6 Kc4 56. g7 Kxb4 57. g8=Q Kc3 58. Qc8+ Kb3 59.
Ke4 b4 60. Kd3 Kb2 61. Qc2+ Ka3 62. Kc4 b3 63. Qxb3# 1-0

[Event "20. Obert Int. Sant Marti 2018 - B"]
[Site "Barcelona ESP"]
[Date "2018.07.19"]
[Round "7.15"]
[White "Molinero Martin, Joan"]
[Black "Munoz Lozano, Jorge Manuel"]
[Result "1/2-1/2"]
[WhiteElo "1939"]
[BlackElo "1787"]
[PlyCount "87"]
[EventDate "2018.07.13"]
[EventType "swiss"]
[EventRounds "9"]
[EventCountry "ESP"]
[SourceTitle "Ajedrez en Madrid"]
[Source "lmi"]
[SourceDate "2018.07.13"]
[SourceVersion "1"]
[SourceVersionDate "2019.06.21"]
[SourceQuality "1"]

1. e4 g6 2. d4 Bg7 3. Nf3 d6 4. Bc4 e6 5. O-O Ne7 6. Bb3 O-O 7. Bf4 c5 8. c3
cxd4 9. cxd4 Nbc6 10. Qd2 e5 11. Bh6 Bg4 12. Bxg7 Kxg7 13. dxe5 dxe5 14. Qxd8
Rfxd8 15. Nbd2 Nd4 16. Nxe5 Ne2+ 17. Kh1 Rxd2 18. Nxg4 Nc6 19. Rab1 Re8 20. f3
Na5 21. Bd5 Nf4 22. Ne3 Re2 23. Rfe1 Rxe3 24. Rxe3 Nxd5 25. Ra3 Nc4 26. Rxa7
Nf4 27. Rxb7 Rd8 28. g3 Nh3 29. Rc7 Rd4 30. b3 Nd2 31. Re1 Nxf3 32. Rf1 Nfg5
33. Rc2 Nxe4 34. Kg2 Nhg5 35. a4 Rd3 36. Rf4 Rxb3 37. a5 Ra3 38. a6 Rxa6 39. h4
Nxg3 40. hxg5 Nf5 41. Rc7 Ra3 42. Kf2 Ra2+ 43. Kf3 Ra3+ 44. Kf2 1/2-1/2

[Event "20. Obert Int. Sant Marti 2018 - B"]
[Site "Barcelona ESP"]
[Date "2018.07.19"]
[Round "7.16"]
[White "Minos Constante, Pablo"]
[Black "Ramos Alvarez, Maximo"]
[Result "1/2-1/2"]
[WhiteElo "1781"]
[BlackElo "1939"]
[PlyCount "85"]
[EventDate "2018.07.13"]
[EventType "swiss"]
[EventRounds "9"]
[EventCountry "ESP"]
[SourceTitle "Ajedrez en Madrid"]
[Source "lmi"]
[SourceDate "2018.07.13"]
[SourceVersion "1"]
[SourceVersionDate "2019.06.21"]
[SourceQuality "1"]

1. e4 e6 2. d4 d5 3. Bd3 dxe4 4. Bxe4 c5 5. Ne2 Nf6 6. Bf3 Nc6 7. Be3 cxd4 8.
Bxc6+ bxc6 9. Qxd4 Nd5 10. O-O Be7 11. Nbc3 O-O 12. Ne4 f5 13. Nc5 Bf6 14. Qd2
Bxb2 15. Rad1 Bf6 16. Nf4 Nxf4 17. Bxf4 Qxd2 18. Bxd2 Rd8 19. Be3 Rxd1 20. Rxd1
Rb8 21. f4 Rb2 22. Rd6 Rb8 23. Rxc6 e5 24. c3 Bb7 25. Nxb7 Rxb7 26. fxe5 Bxe5
27. a4 Rb1+ 28. Kf2 Bxh2 29. Rc8+ Kf7 30. Bxa7 Ra1 31. Rc4 Ke6 32. Be3 Kd5 33.
Rd4+ Ke5 34. g3 Ra2+ 35. Kf3 h6 36. Rd2 Rxd2 37. Bxd2 Bg1 38. Be3 Bxe3 39. Kxe3
g5 40. a5 Kd5 41. c4+ Kc5 42. Kf2 Kc6 43. Ke2 1/2-1/2

[Event "20. Obert Int. Sant Marti 2018 - B"]
[Site "Barcelona ESP"]
[Date "2018.07.19"]
[Round "7.17"]
[White "Low, Ethan"]
[Black "Martinez Escribano, Jose Angel"]
[Result "1-0"]
[WhiteElo "1741"]
[BlackElo "1930"]
[PlyCount "51"]
[EventDate "2018.07.13"]
[EventType "swiss"]
[EventRounds "9"]
[EventCountry "ESP"]
[SourceTitle "Ajedrez en Madrid"]
[Source "lmi"]
[SourceDate "2018.07.13"]
[SourceVersion "1"]
[SourceVersionDate "2019.06.21"]
[SourceQuality "1"]

1. e4 c5 2. Nf3 d6 3. Bb5+ Nc6 4. O-O a6 5. Bxc6+ bxc6 6. h3 e5 7. c3 Be7 8.
Re1 Be6 9. d4 cxd4 10. cxd4 f6 11. Nc3 Bd7 12. Be3 g5 13. dxe5 fxe5 14. Nxg5
Nf6 15. f4 exf4 16. Bxf4 Qb6+ 17. Kh1 Qxb2 18. Na4 Qf2 19. Bxd6 Rg8 20. Rf1 Qh4
21. Nf3 Qh5 22. Nh2 Qg6 23. g4 Qxe4+ 24. Rf3 Bxd6 25. Qxd6 Qxa4 26. Qxf6 1-0

[Event "20. Obert Int. Sant Marti 2018 - B"]
[Site "Barcelona ESP"]
[Date "2018.07.19"]
[Round "7.18"]
[White "Pascual Gonzalez-Novelles, Carles"]
[Black "Farre Buil, Carles"]
[Result "1-0"]
[WhiteElo "1717"]
[BlackElo "1855"]
[PlyCount "43"]
[EventDate "2018.07.13"]
[EventType "swiss"]
[EventRounds "9"]
[EventCountry "ESP"]
[SourceTitle "Ajedrez en Madrid"]
[Source "lmi"]
[SourceDate "2018.07.13"]
[SourceVersion "1"]
[SourceVersionDate "2019.06.21"]
[SourceQuality "1"]

1. e4 c5 2. Nc3 g6 3. g3 Nc6 4. Bg2 Bg7 5. d3 Nf6 6. f4 d6 7. Nf3 O-O 8. O-O
Qc7 9. h3 a6 10. Qe1 Nd4 11. Qf2 e5 12. g4 Bd7 13. f5 Bc6 14. g5 Nd7 15. f6 Bh8
16. h4 b5 17. h5 b4 18. hxg6 bxc3 19. gxh7+ Kxh7 20. Nxd4 exd4 21. Qh4+ Kg8 22.
Rf3 1-0

[Event "20. Obert Int. Sant Marti 2018 - B"]
[Site "Barcelona ESP"]
[Date "2018.07.19"]
[Round "7.19"]
[White "Gonzalez Lafita, Oscar"]
[Black "Lazaro Valls, Xavi"]
[Result "1-0"]
[WhiteElo "1849"]
[BlackElo "1488"]
[PlyCount "103"]
[EventDate "2018.07.13"]
[EventType "swiss"]
[EventRounds "9"]
[EventCountry "ESP"]
[SourceTitle "Ajedrez en Madrid"]
[Source "lmi"]
[SourceDate "2018.07.13"]
[SourceVersion "1"]
[SourceVersionDate "2019.06.21"]
[SourceQuality "1"]

1. d4 c5 2. c3 cxd4 3. cxd4 Nf6 4. Nf3 g6 5. Bf4 Bg7 6. e3 d6 7. h3 O-O 8. Bc4
Nc6 9. O-O Na5 10. Bd3 Bd7 11. Nc3 a6 12. Rc1 Rc8 13. Qe2 Be6 14. Nd2 b5 15. b3
Bd5 16. e4 Ba8 17. Be3 Nc6 18. Nf3 Nb4 19. d5 Nd7 20. Bd4 Ne5 21. Nxe5 Bxe5 22.
Bxe5 dxe5 23. Bb1 a5 24. a3 Na6 25. Qxb5 Nc7 26. Qxa5 Bb7 27. Na4 Ba6 28. Rfd1
Be2 29. Re1 Bb5 30. Nc5 Ra8 31. Qb4 Rb8 32. Qc3 Qd6 33. a4 Be8 34. Nd3 Na6 35.
Nxe5 Bd7 36. Bd3 Rfc8 37. Nc6 Nb4 38. Bb5 Na2 39. Qc5 Nxc1 40. Qxd6 exd6 41.
Ne7+ Kf8 42. Nxc8 Bxb5 43. Rxc1 Bd3 44. Nxd6 Rxb3 45. e5 Ra3 46. Rc8+ Ke7 47.
Rc7+ Kd8 48. Rxf7 Ra1+ 49. Kh2 Ra2 50. e6 Re2 51. Kg3 h5 52. Rd7# 1-0

[Event "20. Obert Int. Sant Marti 2018 - B"]
[Site "Barcelona ESP"]
[Date "2018.07.19"]
[Round "7.20"]
[White "Colom Andres, Xavier"]
[Black "Castro Estrella, Joan Gabriel"]
[Result "1/2-1/2"]
[WhiteElo "1838"]
[BlackElo "1712"]
[PlyCount "80"]
[EventDate "2018.07.13"]
[EventType "swiss"]
[EventRounds "9"]
[EventCountry "ESP"]
[SourceTitle "Ajedrez en Madrid"]
[Source "lmi"]
[SourceDate "2018.07.13"]
[SourceVersion "1"]
[SourceVersionDate "2019.06.21"]
[SourceQuality "1"]

1. d4 Nf6 2. Bf4 g6 3. Nc3 Bg7 4. e4 d6 5. Qd2 O-O 6. Bh6 Nbd7 7. Bxg7 Kxg7 8.
Nf3 a6 9. Be2 b5 10. e5 Ne8 11. Rd1 e6 12. h4 h5 13. Qf4 f6 14. g4 fxe5 15. Qg3
hxg4 16. Ng5 Qf6 17. Bxg4 Nb6 18. dxe5 Qxe5+ 19. Qxe5+ dxe5 20. Bxe6 Rh8 21.
Nd5 Nxd5 22. Bxd5 Rb8 23. Nf7 Rh5 24. Ng5 Bb7 25. Bxb7 Rxb7 26. Rd7+ Kf8 27.
Rh3 Ng7 28. Rf7+ Kg8 29. Rd3 Rxg5 30. Rxg7+ Kxg7 31. hxg5 Kf7 32. Rf3+ Ke7 33.
Ke2 Rb6 34. Ke3 Re6 35. Ke4 c6 36. a3 Ke8 37. b3 Ke7 38. Rh3 Rd6 39. Kxe5 Rd5+
40. Kf4 Rf5+ 1/2-1/2

[Event "20. Obert Int. Sant Marti 2018 - B"]
[Site "Barcelona ESP"]
[Date "2018.07.19"]
[Round "7.21"]
[White "Vicente Soriano, Josep"]
[Black "Gallego Montes, Antoni"]
[Result "1/2-1/2"]
[WhiteElo "1701"]
[BlackElo "1837"]
[PlyCount "51"]
[EventDate "2018.07.13"]
[EventType "swiss"]
[EventRounds "9"]
[EventCountry "ESP"]
[SourceTitle "Ajedrez en Madrid"]
[Source "lmi"]
[SourceDate "2018.07.13"]
[SourceVersion "1"]
[SourceVersionDate "2019.06.21"]
[SourceQuality "1"]

1. e4 d5 2. exd5 Nf6 3. d4 c6 4. dxc6 Nxc6 5. Nf3 e5 6. Bb5 Qa5+ 7. Nc3 Bb4 8.
Bxc6+ bxc6 9. Bd2 e4 10. Ne5 Qb6 11. O-O Be6 12. a3 Bd6 13. Be3 Qxb2 14. Na4
Qb5 15. Nc5 Bxc5 16. dxc5 Rd8 17. a4 Qa6 18. Qc1 Rd5 19. Qb2 O-O 20. c4 Rdd8
21. Qc2 Nd7 22. Qxe4 Nxe5 23. Qxe5 Qxc4 24. Rfc1 Qg4 25. f3 Qf5 26. Qxf5
1/2-1/2

[Event "20. Obert Int. Sant Marti 2018 - B"]
[Site "Barcelona ESP"]
[Date "2018.07.19"]
[Round "7.22"]
[White "Cabrera Marmol, Manuel"]
[Black "Lopez Manzano, Antonio"]
[Result "1-0"]
[WhiteElo "1714"]
[BlackElo "1900"]
[PlyCount "71"]
[EventDate "2018.07.13"]
[EventType "swiss"]
[EventRounds "9"]
[EventCountry "ESP"]
[SourceTitle "Ajedrez en Madrid"]
[Source "lmi"]
[SourceDate "2018.07.13"]
[SourceVersion "1"]
[SourceVersionDate "2019.06.21"]
[SourceQuality "1"]

1. e4 c5 2. d4 cxd4 3. c3 dxc3 4. Nxc3 Nc6 5. Nf3 e6 6. Bc4 a6 7. O-O Nge7 8.
Bg5 h6 9. Bh4 g5 10. Bg3 Ng6 11. Qe2 g4 12. Nd2 h5 13. f4 Bc5+ 14. Kh1 b5 15.
Bb3 Nd4 16. Qd3 h4 17. Be1 Qc7 18. e5 h3 19. Rc1 hxg2+ 20. Kxg2 Bb7+ 21. Nce4
Nxf4+ 22. Rxf4 Qxe5 23. Bg3 Nf5 24. Rxc5 Qxc5 25. Bf2 Qe5 26. Bg3 Nxg3 27. hxg3
f5 28. Kg1 fxe4 29. Nxe4 Bxe4 30. Rxe4 Qc5+ 31. Kg2 Qh5 32. Bxe6 Qh2+ 33. Kf1
Rf8+ 34. Bf5+ Kf7 35. Qxd7+ Kg8 36. Rxg4+ 1-0

[Event "20. Obert Int. Sant Marti 2018 - B"]
[Site "Barcelona ESP"]
[Date "2018.07.19"]
[Round "7.23"]
[White "Zaiats, Vladimir"]
[Black "Franzoni Ladron De Guevara, Enric"]
[Result "1/2-1/2"]
[WhiteElo "1943"]
[BlackElo "1760"]
[PlyCount "129"]
[EventDate "2018.07.13"]
[EventType "swiss"]
[EventRounds "9"]
[EventCountry "ESP"]
[SourceTitle "Ajedrez en Madrid"]
[Source "lmi"]
[SourceDate "2018.07.13"]
[SourceVersion "1"]
[SourceVersionDate "2019.06.21"]
[SourceQuality "1"]

1. e4 c5 2. Nf3 d6 3. Bb5+ Bd7 4. Bxd7+ Nxd7 5. O-O Ngf6 6. Qe2 e6 7. c3 Be7 8.
d4 cxd4 9. cxd4 O-O 10. Nc3 Rc8 11. Rd1 Qa5 12. e5 Nd5 13. Bd2 Nxc3 14. Bxc3
Qd5 15. exd6 Bxd6 16. Ne5 Nf6 17. f3 Rc7 18. g3 Rfc8 19. Nd3 a5 20. a3 b6 21.
Rac1 Bxa3 22. Nf4 Qd7 23. d5 Nxd5 24. Nxd5 exd5 25. Kg2 Bf8 26. Qe3 Qb5 27. Qd2
Rd7 28. Bd4 Rxc1 29. Rxc1 Rd8 30. Qf2 Re8 31. Rc2 h6 32. Bxb6 Rb8 33. Bd4 a4
34. Qd2 Bb4 35. Qf2 Re8 36. g4 Qd3 37. Bc3 a3 38. Rd2 Qc4 39. Bxb4 a2 40. b3
Qxb4 41. Rxa2 Qxb3 42. Rd2 Re3 43. Rxd5 Qxd5 44. Qxe3 Qa2+ 45. Kg3 Qa4 46. Qd2
Qb3 47. Qd8+ Kh7 48. Qe8 Qd5 49. Qe3 g5 50. h4 Qd6+ 51. Kh3 gxh4 52. f4 Qf6 53.
Qe4+ Kg7 54. Qf3 Kh8 55. Qa8+ Kg7 56. Qf3 Kh8 57. Qf2 Kg7 58. Qxh4 Qxf4 59. Qe7
Qf3+ 60. Kh4 Qf6+ 61. Qxf6+ Kxf6 62. Kh5 Kg7 63. g5 hxg5 64. Kxg5 f6+ 65. Kf4
1/2-1/2

[Event "20. Obert Int. Sant Marti 2018 - B"]
[Site "Barcelona ESP"]
[Date "2018.07.19"]
[Round "7.24"]
[White "Riera Danes, Manel"]
[Black "Diaz Rendon, Nicoll"]
[Result "1-0"]
[WhiteElo "1938"]
[BlackElo "1760"]
[PlyCount "85"]
[EventDate "2018.07.13"]
[EventType "swiss"]
[EventRounds "9"]
[EventCountry "ESP"]
[SourceTitle "Ajedrez en Madrid"]
[Source "lmi"]
[SourceDate "2018.07.13"]
[SourceVersion "1"]
[SourceVersionDate "2019.06.21"]
[SourceQuality "1"]

1. e4 c5 2. Nf3 Nc6 3. d4 cxd4 4. Nxd4 g6 5. Nc3 Bg7 6. Be3 Nf6 7. Be2 O-O 8.
Nb3 d6 9. O-O Be6 10. h3 Qc8 11. f4 Rd8 12. Bf3 Qc7 13. Rf2 a6 14. Rd2 Na5 15.
Nxa5 Qxa5 16. Nd5 Bxd5 17. exd5 Nd7 18. c3 Nb6 19. Bd4 Nc4 20. Re2 Qc7 21. Bxg7
Kxg7 22. Qd4+ Kg8 23. b3 Nb6 24. c4 Re8 25. Rae1 Nc8 26. Qd3 Rb8 27. f5 b5 28.
f6 h6 29. Bg4 bxc4 30. bxc4 Nb6 31. Rxe7 Rxe7 32. fxe7 Re8 33. Qe2 Nxc4 34. Rc1
Qa7+ 35. Qf2 Qxf2+ 36. Kxf2 Nb6 37. Bf3 Rxe7 38. Rc6 Rb7 39. Rxd6 a5 40. Rc6
Nd7 41. d6 Kg7 42. Rc7 Rxc7 43. dxc7 1-0

[Event "20. Obert Int. Sant Marti 2018 - B"]
[Site "Barcelona ESP"]
[Date "2018.07.19"]
[Round "7.25"]
[White "Ruiz Serra, Guillem"]
[Black "Morales Rubiella, Albert"]
[Result "0-1"]
[WhiteElo "1199"]
[BlackElo "1396"]
[PlyCount "58"]
[EventDate "2018.07.13"]
[EventType "swiss"]
[EventRounds "9"]
[EventCountry "ESP"]
[SourceTitle "Ajedrez en Madrid"]
[Source "lmi"]
[SourceDate "2018.07.13"]
[SourceVersion "1"]
[SourceVersionDate "2019.06.21"]
[SourceQuality "1"]

1. e4 c5 2. Nf3 d6 3. d4 cxd4 4. Nxd4 Nf6 5. Nc3 g6 6. Bc4 Bg7 7. O-O O-O 8. h3
Nxe4 9. Nxe4 d5 10. Bb3 dxe4 11. Be3 Nc6 12. c3 Bd7 13. Qd2 Qc7 14. Rac1 a6 15.
Bh6 Rad8 16. Bxg7 Kxg7 17. Qe3 e5 18. Nxc6 Bxc6 19. Rfd1 Rxd1+ 20. Rxd1 Rd8 21.
Rxd8 Qxd8 22. Bc2 f5 23. g4 Qh4 24. c4 fxg4 25. Bxe4 Qxh3 26. Qxh3 gxh3 27.
Bxc6 bxc6 28. b4 Kf6 29. a4 Ke6 0-1

[Event "20. Obert Int. Sant Marti 2018 - B"]
[Site "Barcelona ESP"]
[Date "2018.07.19"]
[Round "7.27"]
[White "Palau Soriano, Ricard"]
[Black "Lozano Ruiz, David"]
[Result "0-1"]
[WhiteElo "1637"]
[BlackElo "1869"]
[PlyCount "54"]
[EventDate "2018.07.13"]
[EventType "swiss"]
[EventRounds "9"]
[EventCountry "ESP"]
[SourceTitle "Ajedrez en Madrid"]
[Source "lmi"]
[SourceDate "2018.07.13"]
[SourceVersion "1"]
[SourceVersionDate "2019.06.21"]
[SourceQuality "1"]

1. d4 e6 2. Nf3 d5 3. Bf4 f5 4. e3 Nf6 5. Nbd2 Bd6 6. Bg3 O-O 7. c3 Qe7 8. Be2
Nbd7 9. Ne5 Ne4 10. Ndf3 c6 11. Bd3 Ndf6 12. Qe2 c5 13. Nd2 c4 14. Bxe4 fxe4
15. h4 Bd7 16. h5 Be8 17. O-O-O b5 18. Rh3 b4 19. cxb4 Bxb4 20. Rdh1 c3 21. Ng6
cxd2+ 22. Kb1 hxg6 23. hxg6 Bxg6 24. Be5 Kf7 25. g4 Rac8 26. g5 Nh7 27. Qg4
Qxg5 0-1

[Event "20. Obert Int. Sant Marti 2018 - B"]
[Site "Barcelona ESP"]
[Date "2018.07.19"]
[Round "7.29"]
[White "Brufau Devesa, Eduard"]
[Black "Valarezzo Ricard, Pedro"]
[Result "0-1"]
[WhiteElo "1714"]
[BlackElo "1866"]
[PlyCount "76"]
[EventDate "2018.07.13"]
[EventType "swiss"]
[EventRounds "9"]
[EventCountry "ESP"]
[SourceTitle "Ajedrez en Madrid"]
[Source "lmi"]
[SourceDate "2018.07.13"]
[SourceVersion "1"]
[SourceVersionDate "2019.06.21"]
[SourceQuality "1"]

1. d4 Nf6 2. c4 c5 3. e3 cxd4 4. exd4 e6 5. Nf3 Bb4+ 6. Bd2 Nc6 7. a3 Bxd2+ 8.
Qxd2 O-O 9. Nc3 d5 10. Bd3 dxc4 11. Bxc4 Na5 12. Ba2 b6 13. Rd1 Ba6 14. Ne5 Rc8
15. b4 Nc4 16. Nxc4 Bxc4 17. Bxc4 Rxc4 18. O-O Qd7 19. Qd3 Rfc8 20. Ne2 Nd5 21.
Rd2 Qa4 22. f4 g6 23. Rf3 Rc2 24. Rxc2 Rxc2 25. h3 Qc6 26. Kh1 b5 27. Kh2 a6
28. h4 Nf6 29. Kh3 h5 30. Kg3 Ne4+ 31. Kh3 f5 32. d5 exd5 33. Nd4 Rc1 34. Kh2
Qf6 35. g3 Rc3 36. Qd1 Rxf3 37. Nxf3 Qb2+ 38. Kg1 Qf2+ 0-1

[Event "20. Obert Int. Sant Marti 2018 - B"]
[Site "Barcelona ESP"]
[Date "2018.07.19"]
[Round "7.30"]
[White "Santos Ramos, Carlos"]
[Black "Gorti, Atmika"]
[Result "0-1"]
[WhiteElo "1866"]
[BlackElo "1712"]
[PlyCount "68"]
[EventDate "2018.07.13"]
[EventType "swiss"]
[EventRounds "9"]
[EventCountry "ESP"]
[SourceTitle "Ajedrez en Madrid"]
[Source "lmi"]
[SourceDate "2018.07.13"]
[SourceVersion "1"]
[SourceVersionDate "2019.06.21"]
[SourceQuality "1"]

1. d4 Nf6 2. Nf3 g6 3. Bf4 Bg7 4. Nbd2 d6 5. e4 Nbd7 6. Be2 c5 7. d5 Nh5 8. Be3
Bxb2 9. Rb1 Bg7 10. Ng5 Nhf6 11. f4 Qa5 12. O-O a6 13. f5 b5 14. fxg6 hxg6 15.
h3 O-O 16. h4 Ne5 17. Rf4 Bh6 18. Qf1 Nfg4 19. Bxg4 Bxg4 20. Qf2 f6 21. Ne6
Bxe6 22. dxe6 Bxf4 23. Qxf4 Qxa2 24. Rf1 Qxe6 25. Nf3 Nxf3+ 26. Rxf3 Kf7 27. g4
Qe5 28. g5 Qxf4 29. Rxf4 a5 30. gxf6 exf6 31. Rf3 a4 32. e5 dxe5 33. Bxc5 Rfc8
34. Bd6 Ke6 0-1